Programové vybavenie ISIS výstupný modul

Enregistré dans:
Détails bibliographiques
Auteur principal: Vida, Marián
Format: Livre
Langue:slovaque
Publié: Bratislava Datasystém 1982
Édition:1. vyd.
Collection:Program
Tags: Ajouter un tag
Pas de tags, Soyez le premier à ajouter un tag!

MARC

LEADER 00000nam a2200000 4500
001 c037431
005 20221220100312.3
041 0 |a slo 
044 |a SK 
245 1 0 |a Programové vybavenie ISIS  |b výstupný modul  |c sprac. Marian Vida 
250 |a 1. vyd. 
264 1 |a Bratislava  |b Datasystém  |c 1982 
300 |a 76 s. 
490 1 |a Program 
830 0 |a Program 
100 1 |a Vida, Marián